000 00401nam a2200133Ia 4500
008 151001s9999||||xx |||||||||||||| ||und||
100 _aरामशंकर तिवारी
245 _aसफलता सिर्फ चार कदम पर
250 _a1
260 _bक्वालिटी पब्लिकेशन
260 _c2006
300 _a264
365 _b21
999 _c988088
_d988085